00756 a2200169 4500040001300000082001200013100002400025245006100049260005800110300003500168500005000203650001700253942002500270999001500295952013200310952014400442 aDLCbDLC a621.381 aNair, B. Somanathan aDigital Electronics and Logic DesigncB. Somanathan Nair a New Delhi :bPrentice-Hall of India Pvt.Ltd. ,c2002 axiv, 434 p. :b ill. ;c24 cm. aIncludes bibliographical references and index aLogic Design cBKk621.381 NAI2ddc c8044d8044 001040708NFICaCLbCLcGENd2003-05-29eAllied Book Companyg289.08l0o621.381 NAIpSEECS003444r2021-03-13w2017-01-05yBK 001040708NFICaCLbCLcGENd2003-05-29eAllied Book Companyg289.08l1o621.381 NAIpSEECS003445r2016-10-05s2016-10-01w2017-01-05yBK